000 00312nam a22001337a 4500
008 170929b xxu||||| |||| 00| 0 eng d
020 _a0309039886
041 _aeng
080 _a37
100 _a47
101 _aEDU
245 _aA COMMON DESTINY BLACKS AND AMERICAN SOCIETY
_cJAYNESS,G.D
942 _2udc
_cBK
999 _c30804
_d30804